| 000 | 00424nam a2200169Ia 4500 | ||
|---|---|---|---|
| 100 | _aLethbridge/Timothy C | ||
| 650 | _aSoftware Engineering | ||
| 942 | _cBK | ||
| 366 | _f25 | ||
| 654 | _aUML | ||
| 245 | _aObject Oriented Software Engineering:Practical software development using UML and JAVA | ||
| 260 |
_bTata Mc Graw hill Ltd. _c2004 |
||
| 082 |
_a5.11 _bLET |
||
| 300 | _a497 | ||
| 546 | _aENGLISH | ||
| 999 |
_c18559 _d18559 |
||